00679nam a22002297a 45000010005000000030006000050050017000110080041000280200018000690400029000870500009001160820009001251000020001342450091001542600033002453000050002785050008003285210020003365210020003566500043003767000030004197975FISKH20250815141004.0250815b cb ||||| |||| 00| 0 eng d a9788956354972 aFISKHbengcFISKHdFISKH aPZ7  a590  aSormark, Julie  aThe three little pigs /cthrough the Art Style of Paul Klee : Retold by Julie Sormark  aSeoul : be-future , c2010. a35 pages : bcolor illustrations ; c23 cm .  aG 8 a370 bLexile 8 aG bRaz-Plus  aThree little pigsvJuvenile Literature aKim, SuyeoneIllustrator